Celebrity Siblings II Quiz Stats

 Plays Quiz Updated Feb 9, 2014

Support Sporcle.
Go Orange.
Score 0/30 Timer 05:00
0 Plays Today
% Correct
John F. Kennedy
97.3%
Serena Williams
93.6%
Owen Wilson
92.1%
Venus Williams
91.5%
Jake Gyllenhaal
88.7%
Mark Wahlberg
86%
Jessica Simpson
84.3%
Robert F. Kennedy
84.2%
Maggie Gyllenhaal
82.2%
Sean Penn
79.4%
Ashlee Simpson
75.1%
Luke Wilson
73.8%
Jeff Bridges
70.9%
Edward Kennedy
68.3%
Dennis Quaid
66.4%
% Correct
Donnie Wahlberg
65.2%
Matt Dillon
63%
Moe Howard
61.7%
Curly Howard
61%
Barry Gibb
59.2%
Beau Bridges
55.5%
Randy Quaid
55%
Zsa Zsa Gabor
54.9%
Eva Gabor
49.6%
Andy Gibb
44.1%
Robin Gibb
43.1%
Maurice Gibb
38.7%
Chris Penn
35.3%
Shemp Howard
34.3%
Kevin Dillon
30.5%

From the Vault

Looney Tunes in Real Life

by Hullabaloo

A lot less cuddly in their non-cartoon form.
Remove Ads.
Support Sporcle.
Get the best of Sporcle when you Go Orange. This ad-free experience offers more features, more stats, and more fun while also helping to support Sporcle. Thank you for becoming a member.

Show Comments

Extras

Top Quizzes Today


Score Distribution

Your Account Isn't Verified!

In order to create a playlist on Sporcle, you need to verify the email address you used during registration. Go to your Sporcle Settings to finish the process.

Report this User

Report this user for behavior that violates our Community Guidelines.

Details: